| 000 | 00769nas a2200265 4500 | ||
|---|---|---|---|
| 001 | BR0103807 | ||
| 003 | BR-BrBNA | ||
| 005 | 20231205102422.0 | ||
| 007 | ta | ||
| 008 | 230509b bl.|||p| |||| 00| 00por d | ||
| 040 |
_aBR-BrBNA _bpor _cBiblioteca Nacional de Agricultura |
||
| 041 | _a(Pt) | ||
| 072 | _aJ11 | ||
| 100 | 1 | _aFontes, L. da S. | |
| 100 | 1 | _aArthur, V. | |
| 245 | 1 | _aInfluencia da dieta irradiada sobre o ciclo evolutivo do tribolio | |
| 650 | _aTribolium | ||
| 650 | _aProduto Armazenado | ||
| 650 | _aRadiacao | ||
| 650 | _aRaio Gama | ||
| 650 | _aProcessamento | ||
| 773 | 0 |
_tRevista de Agricultura (Brazil) _xISSN 0034-7655 _g(Dec 1999), v. 74(3) p. 345-350 _wBR0103807 |
|
| 909 |
_a202311 _bLúcia _c55 _dLúcia Elande |
||
| 942 |
_2AGRIS _n0 _cANA |
||
| 999 |
_c167496 _d167496 |
||